000 01248nam a22003497a 4500
003 CHAP
005 20220329143622.0
008 101015s2010 mx a r 00010 spa d
010 _a99432
011 _a100404
020 _a9786077761129
035 _a111090
040 _cCHAP
082 1 4 _a930.17252
_bEs15
245 0 0 _aEscenarios en la investigación regional
_c/coordinado por María Teresa Jarquín Ortega
260 _aZinacantepec, Méx. :
_bEl Colegio Mexiquense,
_c2010
300 _a231 p. :
_bilus., gráfs., mapas
590 _aBATCH-UPD
_b10
_c20130110
_lUCH01
_h1335
590 _aBATCH-UPD
_b10
_c20130410
_lUCH01
_h0839
590 _aBATCH-UPD
_b10
_c20130914
_lUCH01
_h0359
590 _aCONVERSION
_b10
_c20130109
_lUCH01
_h1355
650 1 4 _aArqueología
_xMéxico (Edo.)
_97349
650 1 4 _aHistoria social.
_955640
650 1 4 _aHistoria
_xInvestigación.
_955605
650 1 4 _aMéxico (Edo.)
_xHistoria.
_976831
650 1 4 _aRegionalización.
_995663
700 0 _aJarquín Ortega, María Teresa.
_961188
901 _aBK
942 _cLIBRO
949 _a930.17252 Es15
_bBC
_cLIBRO
_d33724002218842
_eLIBRO
_h113611
_i111090
_sb
949 _a930.17252 Es15
_bBC
_cLIBRO
_d33724002256488
_eLIBRO
_fc.2
_gDonaciØn
_h114767
_i111090
_sb
999 _c99432
_d99432